|
|
|
|
| LEADER |
00000cam a2200000 7i4500 |
| 001 |
0000003478 |
| 005 |
20060403.0 |
| 020 |
0 |
0 |
|a 9832535689
|
| 090 |
0 |
0 |
|a 304.2809595123
|b LYE
|
| 100 |
1 |
0 |
|a Lye, Tuck-Po
|
| 245 |
1 |
0 |
|a Changing pathways :
|b forest degradation and the Batek of Pahang, Malaysia
|c Lye Tuck-Po
|
| 260 |
0 |
0 |
|a Petaling Jaya, Selangor :
|b Strategic Information Research Development ,
|c 2005
|
| 300 |
|
|
|a xxvi, 227p. :
|b ill., photos (b&w), maps ;
|c 23cm.
|
| 650 |
0 |
0 |
|a Batek (Malaysian people)
|x Government relations
|
| 650 |
0 |
0 |
|a Batek (Malaysian people)
|x Politics and government
|
| 650 |
0 |
0 |
|a Batek (Malaysian people)
|x Social conditions
|
| 650 |
0 |
0 |
|a Forest conservation
|z Pahang
|
| 650 |
0 |
0 |
|a Forest degradation
|z Pahang
|
| 650 |
0 |
0 |
|a Forest ecology
|z Pahang
|
| 650 |
0 |
0 |
|a Indigenous peoples
|x Ecology
|z Pahang
|
| 650 |
0 |
0 |
|a Pahang
|x Environmental conditions
|
| 650 |
0 |
0 |
|a Pahang
|x Social conditions
|
| 999 |
|
|
|a 0000006779
|b Monograph
|c Open Shelf
|e Default branch
|